| 000 | 00670nam a2200181Ia 4500 | ||
|---|---|---|---|
| 008 | 170725s9999 xx 000 0 und d | ||
| 100 | _aMurat Yilmaz | ||
| 245 | 3 | _aAn examination of personality traits and how they impact on software development teams | |
| 245 | _cMurat Yilmaz, Rory V. O’Connor, Ricardo Colomo-Palacios, Paul Clarke | ||
| 260 | _c2017 | ||
| 300 | _apages 101-122, June | ||
| 440 |
_aInformation and software technology _v86: |
||
| 500 | _aCJ0031 | ||
| 650 | _aInteractive personality assessment | ||
| 650 | _aSocial aspects of software development | ||
| 650 | _aSoftware developer personality traits | ||
| 650 | _aSoftware team visualization | ||
| 999 |
_c340894 _d340894 |
||